| 000 | 00703nam a2200217Ia 4500 | ||
|---|---|---|---|
| 001 | 17592 | ||
| 003 | GE_BSU | ||
| 008 | 181216s||||||||xx |||||||||||||| ||und|| | ||
| 040 | _cGE_BSU | ||
| 080 | _a821.353.1-1 | ||
| 100 | _aკლდიაშვილი,გენო | ||
| 245 | _aმონატრებული დღე | ||
| 245 | _bლექსები | ||
| 245 | _cრედ.:თეიმურაზ ლანჩავა;მხატვ.:ვაჟა ქუთათელაძე | ||
| 260 | _aქუთაისი | ||
| 260 | _bსაბჭ.საქართველო | ||
| 260 | _c1982 | ||
| 300 | _a42გვ. ; 16სმ. | ||
| 653 | _aლექსები | ||
| 942 | _cBK | ||
| 999 |
_c50642 _d50642 |
||